Gaming Quiz

Random Gaming Quiz

League of Legends Champions (Korean) Quiz Stats

 Plays Quiz not verified by Sporcle

Challenge
Share
Tweet
Embed
Score 0/141 Timer 20:00
0 Plays Today
Answer % Correct
나미
100%
라칸
100%
리 신
100%
카타리나
100%
조이
100%
가렌
93.8%
갈리오
93.8%
갱플랭크
93.8%
다리우스
93.8%
라이즈
93.8%
럭스
93.8%
리븐
93.8%
쓰레쉬
93.8%
아무무
93.8%
자야
93.8%
잭스
93.8%
제드
93.8%
카밀
93.8%
카서스
93.8%
카시오페아
93.8%
케이틀린
93.8%
트리스타나
93.8%
트위스티드 페이트
93.8%
피즈
93.8%
하이머딩거
93.8%
그라가스
87.5%
나서스
87.5%
다이애나
87.5%
드레이븐
87.5%
룰루
87.5%
마스터 이
87.5%
마오카이
87.5%
바루스
87.5%
바이
87.5%
베인
87.5%
블리츠크랭크
87.5%
아리
87.5%
애쉬
87.5%
야스오
87.5%
오른
87.5%
오리아나
87.5%
올라프
87.5%
이즈리얼
87.5%
잔나
87.5%
제이스
87.5%
직스
87.5%
87.5%
Answer % Correct
카사딘
87.5%
코르키
87.5%
탈론
87.5%
트위치
87.5%
헤카림
87.5%
누누와 윌럼프
81.3%
럼블
81.3%
렝가
81.3%
말자하
81.3%
사이온
81.3%
소나
81.3%
소라카
81.3%
81.3%
스카너
81.3%
시비르
81.3%
신드라
81.3%
아이번
81.3%
아지르
81.3%
아트록스
81.3%
애니
81.3%
애니비아
81.3%
우디르
81.3%
우르곳
81.3%
초가스
81.3%
카르마
81.3%
카직스
81.3%
케인
81.3%
코그모
81.3%
트런들
81.3%
티모
81.3%
그레이브즈
75%
니달리
75%
레넥톤
75%
레오나
75%
루시안
75%
르블랑
75%
리산드라
75%
바드
75%
볼리베어
75%
뽀삐
75%
신 짜오
75%
아칼리
75%
알리스타
75%
요릭
75%
이블린
75%
자르반 4세
75%
자이라
75%
Answer % Correct
칼리스타
75%
나르
68.8%
람머스
68.8%
렉사이
68.8%
미스 포츈
68.8%
빅토르
68.8%
세주아니
68.8%
엘리스
68.8%
이렐리아
68.8%
자크
68.8%
제라스
68.8%
징크스
68.8%
케일
68.8%
타릭
68.8%
트린다미어
68.8%
판테온
68.8%
피오라
68.8%
노틸러스
62.5%
녹턴
62.5%
모르가나
62.5%
브랜드
62.5%
블라디미르
62.5%
신지드
62.5%
아우렐리온 솔
62.5%
에코
62.5%
질리언
62.5%
케넨
62.5%
62.5%
탈리야
62.5%
말파이트
56.3%
벨코즈
56.3%
브라움
56.3%
스웨인
56.3%
워윅
56.3%
클레드
56.3%
킨드레드
56.3%
탐 켄치
56.3%
모데카이저
50%
문도 박사
50%
베이가
50%
쉬바나
50%
일라오이
43.8%
샤코
37.5%
오공
37.5%
피들스틱
31.3%
카이사
0%
파이크
0%

You're not logged in!

Compare scores with friends on all Sporcle quizzes.
OR
Log In

You Might Also Like...

Show Comments

Extras

Top Quizzes Today


Score Distribution

Your Account Isn't Verified!

In order to create a playlist on Sporcle, you need to verify the email address you used during registration. Go to your Sporcle Settings to finish the process.

Report this User

Report this user for behavior that violates our Community Guidelines.

Details: